The cunning of rights : (Record no. 139445)

MARC details
000 -LEADER
fixed length control field 00907nam a22002537a 4500
005 - DATE AND TIME OF LATEST TRANSACTION
control field 20170502172529.0
010 ## - LCCN (DPL NO)
LC control number ENG-118011
020 ## - INTERNATIONAL STANDARD BOOK NUMBER
International Standard Book Number 9780199459766
Terms of availability 850.00
035 ## - SYSTEM CONTROL NUMBER
System control number EN-101543
037 ## - SOURCE OF ACQUISITION
Source of stock number/acquisition DBAD/PUB
082 04 - DEWEY DECIMAL CLASSIFICATION NUMBER
Classification number 346.0469534
Edition number 23
100 1# - MAIN ENTRY--PERSONAL NAME
Personal name Chandra, Rajshree,
245 14 - TITLE STATEMENT
Title The cunning of rights :
Remainder of title law, life, biocultures /
Statement of responsibility, etc Rajshree Chandra.
250 ## - EDITION STATEMENT
Edition statement First edition.
260 ## - PUBLICATION, DISTRIBUTION, ETC. (IMPRINT)
Place of publication, distribution, etc New Delhi
Name of publisher, distributor, etc Oxford University Press
Date of publication, distribution, etc 2016
300 ## - PHYSICAL DESCRIPTION
Extent xxxiv, 244 pages ;
Dimensions 23 cm.(Hb)
504 ## - BIBLIOGRAPHY, ETC. NOTE
Bibliography, etc Includes bibliographical references (pages 204-232) and index.
650 #0 - SUBJECT ADDED ENTRY--TOPICAL TERM
Topical term or geographic name as entry element Germplasm resources
General subdivision Law and legislation.
650 #0 - SUBJECT ADDED ENTRY--TOPICAL TERM
Topical term or geographic name as entry element Cultural property
General subdivision Protection
-- Law and legislation.
650 #0 - SUBJECT ADDED ENTRY--TOPICAL TERM
Topical term or geographic name as entry element Intellectual property.
650 #0 - SUBJECT ADDED ENTRY--TOPICAL TERM
Topical term or geographic name as entry element Indigenous peoples
General subdivision Legal status, laws, etc.
650 #0 - SUBJECT ADDED ENTRY--TOPICAL TERM
Topical term or geographic name as entry element Farmers
General subdivision Legal status, laws, etc.
942 ## - ADDED ENTRY ELEMENTS (KOHA)
Source of classification or shelving scheme Dewey Decimal Classification
Item type English Books
Classification part 346.0469534
Call number suffix CHA
Holdings
Withdrawn status Lost status Not for loan Collection code Home library Current library Date acquired Source of acquisition Cost, normal purchase price Full call number Barcode Copy number Cost, replacement price Koha item type
      Non-fiction Shahdara Branch Shahdara Branch 02/05/2017 DBAD/PUB 850.00 346.0469534 CHA EN-101543 1 850.00 English Books

© Delhi Public Library
Hit Counter
free hit counter